[Event "OBBEM Oberbayern 2014"]
[Site "Rosenheim"]
[Date "2014.05.29"]
[Round "1.1"]
[White "Grawe, Christian"]
[Black "Frese, Daniel"]
[Result "1-0"]
[WhiteElo "2246"]
[BlackElo "2019"]
[Annotator "Frese, Daniel"]
[PlyCount "51"]
[SourceDate "2014.07.22"]

1. e4 e6 2. d4 d5 3. Nc3 Nf6 4. e5 Nfd7 5. f4 c5 6. Nf3 Nc6 7. Be3 Be7 8. Qd2
O-O 9. Be2 b6 10. O-O Bb7 11. Nd1 f6 12. exf6 Nxf6 13. Nf2 Ne4 14. Qc1 Qc7 15.
g3 cxd4 16. Nxd4 Nxd4 17. Bxd4 Bf6 18. c3 e5 19. fxe5 Bxe5 20. Qe3 Rae8 21.
Nxe4 dxe4 22. Bb5 Bc6 23. Rxf8+ Kxf8 24. Rf1+ Kg8 25. Bxe5 Rxe5 26. Qf4 1-0

[Event "OBBEM Oberbayern 2014"]
[Site "Rosenheim"]
[Date "2014.05.29"]
[Round "1.2"]
[White "Knoblauch, Leonhard"]
[Black "Taggatz, Mario"]
[Result "0-1"]
[WhiteElo "2018"]
[BlackElo "2199"]
[Annotator "Frese, Daniel"]
[PlyCount "56"]
[SourceDate "2014.07.22"]

1. e4 e6 2. d4 d5 3. Nd2 c5 4. c3 cxd4 5. cxd4 dxe4 6. Nxe4 Be7 7. Nf3 Nf6 8.
Nc3 O-O 9. Bd3 a6 10. Ne5 Nc6 11. Nxc6 bxc6 12. Be3 a5 13. Qe2 Nd5 14. a3 Qc7
15. O-O Nf4 16. Bxf4 Qxf4 17. d5 cxd5 18. Nxd5 exd5 19. Qxe7 Be6 20. b4 Rfe8
21. Qc5 Rec8 22. Qe3 Qxe3 23. fxe3 Rc3 24. Rfd1 Bg4 25. bxa5 Bxd1 26. Rxd1 Rxa5
27. Be4 Rxe3 28. Bxd5 Rexa3 0-1

[Event "OBBEM Oberbayern 2014"]
[Site "Rosenheim"]
[Date "2014.05.29"]
[Round "1.3"]
[White "Zill, Christoph"]
[Black "Kretschel, Klaus"]
[Result "1-0"]
[WhiteElo "2176"]
[BlackElo "2012"]
[Annotator "Frese, Daniel"]
[PlyCount "109"]
[SourceDate "2014.07.22"]

1. e4 e5 2. Nf3 Nc6 3. Bc4 Bc5 4. b4 Bxb4 5. c3 Ba5 6. d4 d6 7. Qb3 Qd7 8. dxe5
Bb6 9. Nbd2 Na5 10. Qc2 Nxc4 11. Nxc4 dxe5 12. Nfxe5 Qe6 13. Qa4+ Bd7 14. Nxd7
Qxd7 15. Nxb6 cxb6 16. Qb4 Ne7 17. Ba3 Nc6 18. Qb5 O-O-O 19. O-O Rhe8 20. f3
Re5 21. Qe2 f5 22. Rad1 Qe6 23. Rxd8+ Nxd8 24. Qd3 Nf7 25. exf5 Rxf5 26. Rd1
Re5 27. Kf1 g6 28. Bc1 Qc6 29. Be3 Re8 30. Bd4 Nd6 31. Bxb6 Qxb6 32. Qxd6 Qxd6
33. Rxd6 Re3 34. c4 Rc3 35. Rd4 Rc1+ 36. Ke2 Rc2+ 37. Rd2 Rxc4 38. Ke3 Kc7 39.
f4 b5 40. g4 Rc1 41. f5 gxf5 42. gxf5 Rf1 43. Ke4 b4 44. Ke5 a5 45. Ke6 a4 46.
f6 b3 47. axb3 axb3 48. f7 h5 49. Rb2 Re1+ 50. Kf6 Rf1+ 51. Ke7 Re1+ 52. Kf8 h4
53. Rxb3 Kd7 54. Rb6 Re2 55. Kg7 1-0

[Event "OBBEM Oberbayern 2014"]
[Site "Rosenheim"]
[Date "2014.05.29"]
[Round "1.4"]
[White "Deues, Erik"]
[Black "Straub, Jürgen, Dr."]
[Result "1/2-1/2"]
[WhiteElo "1964"]
[BlackElo "2169"]
[Annotator "Frese, Daniel"]
[PlyCount "93"]
[SourceDate "2014.07.22"]

1. d4 Nf6 2. c4 e6 3. Nc3 Bb4 4. e3 b6 5. Bd3 Bb7 6. f3 O-O 7. Nge2 d5 8. cxd5
exd5 9. O-O Re8 10. Ng3 a5 11. Kh1 Nbd7 12. a3 Bd6 13. Nf5 Bf8 14. e4 dxe4 15.
fxe4 c5 16. e5 Nd5 17. Nh6+ gxh6 18. Qg4+ Kh8 19. Qf5 N5f6 20. exf6 Nxf6 21.
Qxf6+ Qxf6 22. Rxf6 Re1+ 23. Rf1 Rae8 24. Bf4 Rxa1 25. Rxa1 cxd4 26. Nb5 Be4
27. Bxe4 Rxe4 28. g3 Bc5 29. Rd1 Kg8 30. Bxh6 f6 31. Rd2 Kf7 32. Kg2 Ke6 33.
Kf3 f5 34. Bf4 h5 35. h3 a4 36. g4 Kf6 37. gxh5 Bf8 38. Nxd4 Rxf4+ 39. Kg3 Bd6
40. Kg2 Bc5 41. Nf3 Re4 42. Rc2 Bf8 43. Rc8 Bh6 44. Rc6+ Re6 45. Rc2 Be3 46. h4
Rd6 47. Re2 1/2-1/2

[Event "OBBEM Oberbayern 2014"]
[Site "Rosenheim"]
[Date "2014.05.29"]
[Round "1.5"]
[White "Prediger, Rupert"]
[Black "Muharemagic, Asim"]
[Result "1-0"]
[WhiteElo "2162"]
[BlackElo "1962"]
[Annotator "Frese, Daniel"]
[PlyCount "83"]
[SourceDate "2014.07.22"]

1. e4 c5 2. Nf3 Nc6 3. d4 cxd4 4. Nxd4 e5 5. Nb5 d6 6. c4 a6 7. N5c3 Nf6 8. Be2
Be7 9. O-O O-O 10. Na3 Be6 11. Nc2 Na5 12. b3 Rc8 13. Qd3 Nxc4 14. bxc4 Bxc4
15. Qd1 Bxe2 16. Nxe2 Nxe4 17. Ne3 Bg5 18. Qd5 Nc5 19. Rd1 Rc6 20. Nf5 Be7 21.
Ba3 g6 22. Nxe7+ Qxe7 23. Ng3 Rfc8 24. Rac1 b5 25. Ne4 Qe6 26. Qxe6 Nxe6 27.
Rxc6 Rxc6 28. Bxd6 f5 29. Nf6+ Kf7 30. Bxe5 Nc5 31. h4 Ne4 32. Nxe4 fxe4 33.
Rd2 Ke6 34. Bf4 h5 35. Kh2 a5 36. Kg3 Rc3+ 37. Be3 Rd3 38. Rc2 b4 39. Kf4 a4
40. Kxe4 Rd7 41. Rc6+ Kf7 42. Ra6 1-0

[Event "OBBEM Oberbayern 2014"]
[Site "Rosenheim"]
[Date "2014.05.29"]
[Round "1.6"]
[White "Walter, Stefan"]
[Black "Schlichtmann, Robin"]
[Result "1/2-1/2"]
[WhiteElo "1913"]
[BlackElo "2140"]
[Annotator "Frese, Daniel"]
[PlyCount "106"]
[SourceDate "2014.07.22"]

1. e4 e6 2. d4 d5 3. e5 c5 4. c3 Nc6 5. Nf3 Bd7 6. Be2 Nge7 7. Nbd2 cxd4 8.
cxd4 Nf5 9. Nb3 Qb6 10. O-O a5 11. g4 Nfe7 12. Nc5 Nxd4 13. Qxd4 Nc6 14. Nxd7
Qxd4 15. Nxd4 Nxd4 16. Nxf8 Nxe2+ 17. Kg2 Rxf8 18. Bd2 Nd4 19. Rac1 Nc6 20.
Rfe1 Kd7 21. Kg3 f6 22. exf6 gxf6 23. Rc5 b6 24. Rxc6 Kxc6 25. Rxe6+ Kc5 26.
Re7 Rac8 27. b3 Rfe8 28. Rxh7 Re2 29. Be3+ {=} Kd6 30. a4 Rc3 31. Kf4 Rxb3 32.
Rh6 Ke7 33. Kf5 d4 34. Bxd4 Rf3+ 35. Kg6 Re4 36. Bxb6 Rxg4+ 37. Kh5 Rg2 38.
Rh7+ Ke6 39. h4 Kf5 40. Rc7 Rg5+ 41. Kh6 Rg6+ 42. Kh7 Rg4 43. h5 Rxa4 44. h6
Rb4 45. Bxa5 Rb5 46. Be1 Re5 47. Bc3 Rxf2 {=} 48. Bxe5 Kxe5 49. Kg8 f5 50. h7
Rh2 51. Rc4 f4 52. h8=Q+ Rxh8+ 53. Kxh8 f3 1/2-1/2

[Event "OBBEM Oberbayern 2014"]
[Site "Rosenheim"]
[Date "2014.05.29"]
[Round "1.7"]
[White "Schulz, Michael"]
[Black "Bergerhoff, Andreas"]
[Result "1/2-1/2"]
[WhiteElo "2123"]
[BlackElo "1947"]
[Annotator "Frese, Daniel"]
[PlyCount "79"]
[SourceDate "2014.07.22"]

1. d4 f5 2. g3 Nf6 3. Bg2 d6 4. Nh3 g6 5. Nc3 Bg7 6. d5 c6 7. Nf4 cxd5 8. Ncxd5
Nc6 9. h4 e6 10. Nxf6+ Bxf6 11. c3 O-O 12. Qb3 Na5 13. Qc2 Bd7 14. e4 fxe4 15.
Bxe4 Bc6 16. Be3 Qe7 17. O-O Nc4 18. Rfe1 d5 19. Bg2 Rad8 20. Rad1 Qf7 21. Bc5
Rfe8 22. b3 Nb6 23. a4 e5 24. Nh3 Nd7 25. Bxa7 b6 26. a5 bxa5 27. Be3 e4 28.
Ng5 Qg7 29. Bh3 Nf8 30. Bc5 Bd7 31. Bxf8 Kxf8 32. Bxd7 Qxd7 33. Nxe4 Qf5 34. g4
Qxg4+ 35. Ng3 Bxh4 36. Qd3 Bf6 37. Rxe8+ Rxe8 38. Qxd5 h5 39. Qd6+ Kg7 40. Qd7+
1/2-1/2

[Event "OBBEM Oberbayern 2014"]
[Site "Rosenheim"]
[Date "2014.05.29"]
[Round "1.8"]
[White "Probst, Albert"]
[Black "Lochte, Thomas"]
[Result "0-1"]
[WhiteElo "1928"]
[BlackElo "2107"]
[Annotator "Frese, Daniel"]
[PlyCount "36"]
[SourceDate "2014.07.22"]

1. Nf3 c5 2. d4 cxd4 3. Nxd4 d5 4. Nc3 e5 5. Nf3 d4 6. Nxe5 Be6 7. e4 dxc3 8.
Bb5+ Nd7 9. O-O Ngf6 10. Bg5 cxb2 11. Rb1 h6 12. Bxf6 gxf6 13. Qd4 fxe5 14.
Qxe5 Rg8 15. Rfd1 Bg7 16. Qg3 Qg5 17. Bxd7+ Bxd7 18. Qc7 Qxg2+ 0-1

[Event "OBBEM Oberbayern 2014"]
[Site "Rosenheim"]
[Date "2014.05.29"]
[Round "1.9"]
[White "Steinheimer, Jürgen"]
[Black "Sandner, Michael"]
[Result "1/2-1/2"]
[WhiteElo "2103"]
[BlackElo "1889"]
[Annotator "Frese, Daniel"]
[PlyCount "57"]
[SourceDate "2014.07.22"]

1. e4 e6 2. d4 d5 3. Nd2 Nf6 4. e5 Nfd7 5. Bd3 c5 6. c3 Nc6 7. Ne2 cxd4 8. cxd4
f6 9. exf6 Nxf6 10. O-O Bd6 11. Nf3 Qc7 12. Bg5 O-O 13. Rc1 h6 14. Bd2 Bd7 15.
Ng3 Qb6 16. Bc3 Bf4 17. Ra1 Rac8 18. Ne5 Be8 19. Re1 Nxe5 20. dxe5 Bxg3 21.
hxg3 Ne4 22. Bxe4 Qxf2+ 23. Kh2 dxe4 24. Qd6 Bc6 25. Rf1 Qe2 26. Qxe6+ Kh7 27.
Rae1 Qc2 28. Rc1 Qe2 29. Rce1 1/2-1/2

[Event "OBBEM Oberbayern 2014"]
[Site "Rosenheim"]
[Date "2014.05.29"]
[Round "1.10"]
[White "Schewzow, Juri"]
[Black "Lechermann, Markus"]
[Result "0-1"]
[WhiteElo "1797"]
[BlackElo "2045"]
[Annotator "Frese, Daniel"]
[PlyCount "104"]
[SourceDate "2014.07.22"]

1. d4 Nf6 2. Nf3 g6 3. g3 Bg7 4. Bg2 O-O 5. O-O d6 6. Re1 Nbd7 7. Nbd2 e5 8.
dxe5 Nxe5 9. Nxe5 dxe5 10. c3 Qe7 11. e4 Rd8 12. Qe2 b6 13. Nf1 Bb7 14. Bg5 h6
15. Bd2 Rd6 16. f3 a5 17. Be3 Ba6 18. Qf2 Qe6 19. b3 Rad8 20. c4 Bf8 21. c5 Rc6
22. cxb6 cxb6 23. Rec1 Rdc8 24. Rxc6 Rxc6 25. Qb2 h5 26. Rc1 Rxc1 27. Qxc1 Nd7
28. Nd2 Bc5 29. Bxc5 Nxc5 30. Bf1 {=} Bxf1 31. Qxf1 Kg7 32. Qb5 Qd6 33. Qe2
Qd4+ 34. Qf2 Qa1+ 35. Nf1 Nd3 36. Qe3 Nb4 37. a4 Qd1 38. Qxb6 Qxf3 39. Qe3 Qd1
40. Qc3 Qd4+ 41. Qxd4 exd4 42. Nd2 {=} Kf6 43. Nc4 Nc6 44. Kf2 Kg5 45. Kf3 h4
46. gxh4+ Kxh4 47. e5 Kh3 48. Ke4 Kxh2 49. Nd6 g5 50. Nxf7 g4 51. Ng5 Nxe5 52.
Kxd4 Nf3+ 0-1

[Event "OBBEM Oberbayern 2014"]
[Site "Rosenheim"]
[Date "2014.05.29"]
[Round "2.1"]
[White "Lochte, Thomas"]
[Black "Grawe, Christian"]
[Result "0-1"]
[WhiteElo "2107"]
[BlackElo "2246"]
[Annotator "Frese, Daniel"]
[PlyCount "64"]
[SourceDate "2014.07.22"]

1. e4 c6 2. d4 d5 3. e5 Bf5 4. Nc3 e6 5. g4 Bg6 6. Nge2 c5 7. Be3 Nc6 8. dxc5
h5 9. Nd4 Qc7 10. f4 hxg4 11. Qxg4 Nh6 12. Qg1 Nxd4 13. Bxd4 a6 14. O-O-O Be7
15. b4 Kf8 16. Na4 b5 17. Nb6 Ra7 18. Bd3 Nf5 19. Rd2 a5 20. Bxb5 axb4 21. Nd7+
Kg8 22. Rg2 Nxd4 23. Rxg6 Nf5 24. c6 Rxa2 25. Kd2 Rh3 26. Rxg7+ Nxg7 27. Qg2
Rh6 28. Bd3 Qxc6 29. Nf6+ Bxf6 30. exf6 Qc3+ 31. Ke2 Rxc2+ 32. Bxc2 Qxc2+ 0-1

[Event "OBBEM Oberbayern 2014"]
[Site "Rosenheim"]
[Date "2014.05.29"]
[Round "2.2"]
[White "Taggatz, Mario"]
[Black "Prediger, Rupert"]
[Result "1-0"]
[WhiteElo "2199"]
[BlackElo "2162"]
[Annotator "Frese, Daniel"]
[PlyCount "93"]
[SourceDate "2014.07.22"]

1. Nf3 c5 2. c4 Nc6 3. d4 cxd4 4. Nxd4 e5 5. Nb5 d6 6. N1c3 a6 7. Na3 Nf6 8.
Bg5 Be7 9. e3 O-O 10. Be2 Be6 11. O-O Rc8 12. Rc1 Qb6 13. Qd2 Rfd8 14. Bxf6
Bxf6 15. Nd5 Bxd5 16. cxd5 Ne7 17. Nc4 Qa7 18. b4 g6 19. Bg4 Rc7 20. a4 Bg5 21.
Na5 Rxc1 22. Rxc1 Qb8 23. Nc4 f5 24. Be2 Bf6 25. a5 Rc8 26. Nb6 Rxc1+ 27. Qxc1
Qd8 28. g3 Kg7 29. Qc4 h5 30. Bd1 Kf7 31. Ba4 Kg7 32. Bd7 e4 33. Be6 Kh6 34.
Kf1 h4 35. Kg2 hxg3 36. hxg3 Kh7 37. Kf1 Bg7 38. Ke2 Qf8 39. Qc7 Qf6 40. Qxd6
Qg5 41. Qf4 Qxf4 42. gxf4 Bc3 43. d6 Nc6 44. Nd5 Ba1 45. Bc8 Nd8 46. d7 Kg7 47.
b5 1-0

[Event "OBBEM Oberbayern 2014"]
[Site "Rosenheim"]
[Date "2014.05.29"]
[Round "2.3"]
[White "Preßler, Paul"]
[Black "Zill, Christoph"]
[Result "1/2-1/2"]
[WhiteElo "1782"]
[BlackElo "2176"]
[Annotator "Frese, Daniel"]
[PlyCount "52"]
[SourceDate "2014.07.22"]

1. Nf3 e6 2. b3 f5 3. Bb2 Nf6 4. g3 b6 5. Bg2 Bb7 6. O-O Be7 7. c4 O-O 8. Nc3
d6 9. Qc2 Qe8 10. Nb5 Bd8 11. e3 Nbd7 12. Nbd4 e5 13. Ne6 Qxe6 14. Ng5 Qe8 15.
Bxb7 Rb8 16. Bg2 h6 17. Nh3 Nh7 18. f4 e4 19. g4 fxg4 20. Bxe4 gxh3 21. Bxh7+
Kh8 22. Rf3 Qh5 23. Rg3 Bf6 24. Bg6 Qh4 25. Bf5 Bxb2 26. Qxb2 Qf6 1/2-1/2

[Event "OBBEM Oberbayern 2014"]
[Site "Rosenheim"]
[Date "2014.05.29"]
[Round "2.4"]
[White "Lechermann, Markus"]
[Black "Schulz, Michael"]
[Result "1/2-1/2"]
[WhiteElo "2045"]
[BlackElo "2123"]
[Annotator "Frese, Daniel"]
[PlyCount "84"]
[SourceDate "2014.07.22"]

1. d4 Nf6 2. Nf3 g6 3. c4 Bg7 4. Nc3 O-O 5. Bf4 d6 6. h3 Nc6 7. e3 Nd7 8. Be2
h6 9. O-O e5 10. Bh2 exd4 11. exd4 Re8 12. Re1 a6 13. Qd2 Nf6 14. d5 Ne7 15.
Nd4 Nf5 16. Nxf5 Bxf5 17. Bf3 g5 18. Rxe8+ Qxe8 19. c5 Qd8 20. cxd6 cxd6 21.
Re1 Qd7 22. g4 Bg6 23. Ne4 Nxe4 24. Bxe4 Bxe4 25. Rxe4 Rc8 26. Kg2 Rc5 27. b4
Rc3 28. Qe1 Bf6 29. Qe2 Kg7 30. a4 Qc7 31. a5 b5 32. axb6 Qxb6 33. Bg3 Qb7 34.
Qd2 Qb5 35. Re3 Rc4 36. Bxd6 Rd4 37. Qa2 Rxd5 38. Bg3 Rd1 39. Qe2 Qd5+ 40. Qf3
Qd2 41. Be5 Bxe5 42. Rxe5 Qd3 1/2-1/2

[Event "OBBEM Oberbayern 2014"]
[Site "Rosenheim"]
[Date "2014.05.29"]
[Round "2.5"]
[White "Straub, Jürgen, Dr."]
[Black "Walter, Stefan"]
[Result "1-0"]
[WhiteElo "2169"]
[BlackElo "1913"]
[Annotator "Frese, Daniel"]
[PlyCount "147"]
[SourceDate "2014.07.22"]

1. e4 e5 2. Nf3 d6 3. d4 Nd7 4. Bc4 c6 5. dxe5 dxe5 6. O-O Be7 7. Ng5 Bxg5 8.
Qh5 Qf6 9. Bxg5 Qg6 10. Qxg6 hxg6 11. a4 f6 12. Be3 g5 13. Nc3 Ne7 14. Rfd1 Nb6
15. Bb3 Bg4 16. f3 Bh5 17. a5 Nd7 18. Rd2 Nf8 19. Rad1 Bf7 20. Rd8+ Rxd8 21.
Bxf7+ Kxf7 22. Rxd8 Nfg6 23. Rd7 b6 24. Rxa7 bxa5 25. Rxa5 Nf4 26. h3 Rd8 27.
Kf2 Ne6 28. Ke2 Nf4+ 29. Bxf4 gxf4 30. Na4 Ng6 31. Ra7+ Kf8 32. Nc5 Rd6 33. Rd7
Rxd7 34. Nxd7+ Ke7 35. Nc5 Kd6 36. b4 Ne7 37. h4 Nc8 38. Na4 Ne7 39. c4 f5 40.
Nc5 Ng6 41. h5 Ne7 42. Nd3 fxe4 43. fxe4 Ng8 44. b5 cxb5 45. cxb5 Nf6 46. Kf3
Nxh5 47. b6 Nf6 48. b7 Nd7 49. Kg4 Kc7 50. Kf5 Kxb7 51. Nxe5 Nf6 52. Ng6 Kc6
53. e5 Nd5 54. Nxf4 Ne3+ 55. Kg6 Kd7 56. Kf7 Nf5 57. Ng6 Nd4 58. Nf8+ Kc6 59.
Kxg7 Kd5 60. Kf6 Nc6 61. e6 Kd6 62. g4 Ne7 63. g5 Ng8+ 64. Kf7 Ne7 65. g6 Nf5
66. g7 Nh6+ 67. Kg6 Ng8 68. Kh7 Nf6+ 69. Kh8 Ke7 70. g8=Q Nxg8 71. Kxg8 Kf6 72.
Kh7 Ke7 73. Kg7 Ke8 74. Ng6 1-0

[Event "OBBEM Oberbayern 2014"]
[Site "Rosenheim"]
[Date "2014.05.29"]
[Round "2.6"]
[White "Schlichtmann, Robin"]
[Black "Deues, Erik"]
[Result "1-0"]
[WhiteElo "2140"]
[BlackElo "1964"]
[Annotator "Frese, Daniel"]
[PlyCount "79"]
[SourceDate "2014.07.22"]

1. e4 c5 2. Nf3 Nc6 3. d4 cxd4 4. Nxd4 Nf6 5. Nc3 e5 6. Ndb5 d6 7. Bg5 a6 8.
Na3 b5 9. Nd5 Be7 10. Bxf6 Bxf6 11. c4 O-O 12. cxb5 Nd4 13. b6 Bb7 14. Bc4 Rb8
15. O-O Bxd5 16. Bxd5 Qxb6 17. Nc4 Qc5 18. Qa4 a5 19. Qxa5 Ne2+ 20. Kh1 Qxa5
21. Nxa5 Rxb2 22. Nc4 Rb4 23. a3 Ra4 24. Nxd6 Nc3 25. Bb3 Ra6 26. Nxf7 Rb6 27.
Nh6+ Kh8 28. Nf7+ Kg8 29. Bc4 Rxf7 30. Rac1 Nxe4 31. Rb1 Rxb1 32. Rxb1 g5 33.
Rb7 Nd6 34. Bxf7+ Nxf7 35. a4 Bd8 36. Rb5 Kg7 37. a5 Nd6 38. Rd5 Bc7 39. a6 Bb8
40. Rxd6 1-0

[Event "OBBEM Oberbayern 2014"]
[Site "Rosenheim"]
[Date "2014.05.29"]
[Round "2.7"]
[White "Bergerhoff, Andreas"]
[Black "Steinheimer, Jürgen"]
[Result "0-1"]
[WhiteElo "1947"]
[BlackElo "2103"]
[Annotator "Frese, Daniel"]
[PlyCount "74"]
[SourceDate "2014.07.22"]

1. e4 d5 2. exd5 Qxd5 3. Nc3 Qd6 4. Nf3 Nf6 5. d4 c6 6. Bd3 Bg4 7. Be3 e6 8. h3
Bh5 9. g4 Bg6 10. Ne5 Nbd7 11. Nxg6 hxg6 12. Qd2 Nxg4 13. Ne4 Qb4 14. c3 Qa5
15. Bf4 Ngf6 16. b4 Qd5 17. Qe3 Nxe4 18. Bxe4 Qc4 19. Kd2 Nf6 20. Bd3 Qd5 21.
Kc2 Be7 22. Rhg1 Qd8 23. Be5 Bd6 24. f4 Qe7 25. Rae1 O-O-O 26. d5 Nxd5 27. Qxa7
Qc7 28. Rg3 f6 29. Bxd6 Qxd6 30. Qa8+ Kc7 31. Qa5+ Kb8 32. b5 cxb5 33. Qxb5
Nxf4 34. Rd1 g5 35. Be2 Qc7 36. Rxd8+ Rxd8 37. Rg1 Rc8 0-1

[Event "OBBEM Oberbayern 2014"]
[Site "Rosenheim"]
[Date "2014.05.29"]
[Round "2.8"]
[White "Sandner, Michael"]
[Black "Knoblauch, Leonhard"]
[Result "0-1"]
[WhiteElo "1889"]
[BlackElo "2018"]
[Annotator "Frese, Daniel"]
[PlyCount "54"]
[SourceDate "2014.07.22"]

1. e4 c5 2. Nf3 Nc6 3. d4 cxd4 4. Nxd4 Nf6 5. Nc3 e5 6. Ndb5 d6 7. Bg5 a6 8.
Na3 b5 9. Bxf6 gxf6 10. Nd5 Bg7 11. Bd3 Be6 12. O-O O-O 13. Qh5 h6 14. c4 bxc4
15. Nxc4 f5 16. Nce3 fxe4 17. Bxe4 Nd4 18. Nc3 Rb8 19. b3 f5 20. Bd5 Bxd5 21.
Ncxd5 f4 22. Nc4 Rf5 23. Qg6 e4 24. Nxd6 Rg5 25. Qf7+ Kh7 26. Nxf4 Qxd6 27.
Rad1 Rf8 0-1

[Event "OBBEM Oberbayern 2014"]
[Site "Rosenheim"]
[Date "2014.05.29"]
[Round "2.9"]
[White "Frese, Daniel"]
[Black "Probst, Albert"]
[Result "1-0"]
[WhiteElo "2019"]
[BlackElo "1928"]
[Annotator "Frese, Daniel"]
[PlyCount "119"]
[SourceDate "2014.07.22"]

1. e4 d5 2. exd5 Qxd5 3. Nc3 Qa5 4. d4 Bf5 5. Nf3 e6 6. Ne5 Nf6 7. Nc4 Qb4 8.
Bd2 Qe7 9. Ne5 Nbd7 10. Qf3 c6 11. Bd3 Bxd3 12. Qxd3 O-O-O 13. Qg3 Nb6 14.
O-O-O Rxd4 15. Be3 Rb4 16. Bxb6 axb6 17. a3 Ne4 18. Qe3 Nxc3 19. Qxc3 Rb5 20.
Nxc6 Qg5+ 21. Kb1 Rc5 22. Na7+ Kb8 23. Qb3 Kxa7 24. Rd7 Qxg2 25. Rhd1 Qc6 26.
Rd8 Rd5 27. R1xd5 exd5 28. Qg3 b5 29. Qb8+ Kb6 30. Re8 Qd7 31. Rd8 {=} Qc7 32.
Qa8 g6 33. a4 bxa4 34. Rxd5 Kc6 35. Rd3 Bg7 36. Qxa4+ Kb6 37. Rb3+ Kc5 38. Rb5+
Kd6 39. Qf4+ Kd7 40. Qa4 Qc6 41. Rxb7+ Kd6 {=} 42. Qb4+ Qc5 43. Rb6+ Kd5 44.
Rb5 Rc8 45. Qd2+ Kc6 46. Rxc5+ Kxc5 47. b4+ Kc6 48. c4 Kc7 49. Qf4+ Kb7 50.
Qxf7+ Rc7 51. Qd5+ Kc8 52. Kc2 Bh6 53. Kb3 Rd7 54. Qa8+ Kc7 55. c5 Bf4 56. b5
Rd3+ 57. Kc4 Rd2 58. Qc6+ Kb8 59. Qe8+ Kb7 60. Qe4+ 1-0

[Event "OBBEM Oberbayern 2014"]
[Site "Rosenheim"]
[Date "2014.05.29"]
[Round "2.10"]
[White "Kretschel, Klaus"]
[Black "Schewzow, Juri"]
[Result "1-0"]
[WhiteElo "2012"]
[BlackElo "1797"]
[Annotator "Frese, Daniel"]
[PlyCount "127"]
[SourceDate "2014.07.22"]

1. f4 d5 2. e3 Nf6 3. Nf3 e6 4. b3 Be7 5. Bb2 Nbd7 6. Be2 c5 7. O-O a6 8. c4 b6
9. Ne5 Bb7 10. Bf3 O-O 11. Nc3 Nxe5 12. fxe5 Ne4 13. Qc2 Nxc3 14. Bxc3 Qc7 15.
d3 Rad8 16. Qe2 dxc4 17. bxc4 Bxf3 18. Rxf3 Rd7 19. Rd1 Rfd8 20. Rd2 Bf8 21.
Rf1 g6 22. Rfd1 b5 23. cxb5 axb5 24. Rc2 c4 25. Bd4 cxd3 26. Rxd3 Qb8 27. Rb3
Rb7 28. Rcb2 Rd5 29. Rc3 Bg7 30. Qc2 Rd8 31. Qe4 Rc8 32. Rbc2 Rbc7 33. Qd3 Rxc3
34. Rxc3 Rxc3 35. Qxc3 Bf8 36. Qc6 Kg7 37. Kf2 b4 38. Qc4 Qb7 39. Qc2 Be7 40.
Kg3 h5 41. h3 Qd5 42. Kh2 Bh4 43. Qb3 Qxb3 44. axb3 Be1 45. Kg1 g5 46. g4 hxg4
47. hxg4 Bc3 48. Kf2 Bxd4 49. exd4 f5 50. exf6+ Kxf6 51. Ke3 Ke7 52. Kd3 Kd6
53. Ke4 Ke7 54. Ke5 Kf7 55. d5 exd5 56. Kxd5 Kf6 57. Kd6 Kf7 58. Ke5 Ke7 59.
Kf5 Kd6 60. Kxg5 Kc5 61. Kf4 Kd4 62. g5 Kc3 63. g6 Kxb3 64. g7 1-0

[Event "OBBEM Oberbayern 2014"]
[Site "Rosenheim"]
[Date "2014.05.30"]
[Round "2.1"]
[White "Grawe, Christian"]
[Black "Taggatz, Mario"]
[Result "1/2-1/2"]
[WhiteElo "2246"]
[BlackElo "2199"]
[Annotator "Frese, Daniel"]
[PlyCount "34"]
[SourceDate "2014.07.22"]

1. e4 e6 2. d4 d5 3. Nc3 Nf6 4. e5 Nfd7 5. f4 c5 6. Nf3 Nc6 7. Be3 Be7 8. Qd2
O-O 9. dxc5 Bxc5 10. O-O-O Qa5 11. Bxc5 Nxc5 12. Kb1 Rb8 13. Bd3 b5 14. Ne2
Qxd2 15. Rxd2 b4 16. Ned4 Nxd4 17. Nxd4 Bd7 1/2-1/2

[Event "OBBEM Oberbayern 2014"]
[Site "Rosenheim"]
[Date "2014.05.30"]
[Round "3.2"]
[White "Zill, Christoph"]
[Black "Lechermann, Markus"]
[Result "1-0"]
[WhiteElo "2176"]
[BlackElo "2045"]
[Annotator "Frese, Daniel"]
[PlyCount "67"]
[SourceDate "2014.07.22"]

1. e4 c5 2. Nc3 e6 3. Nf3 a6 4. d4 cxd4 5. Nxd4 b5 6. Bd3 Bb7 7. O-O Qc7 8. Kh1
Nf6 9. f4 b4 10. e5 bxc3 11. exf6 gxf6 12. Qe2 Nc6 13. bxc3 Nxd4 14. cxd4 Bb4
15. c4 Bc3 16. Bb2 Bxb2 17. Qxb2 Rg8 18. d5 Ke7 19. Be4 d6 20. Rab1 Rab8 21.
Qe2 h6 22. dxe6 fxe6 23. Rfe1 e5 24. Qf3 Bc8 25. Rxb8 Qxb8 26. Rb1 Qc7 27. Bd5
Rg4 28. fxe5 dxe5 29. h3 Rg5 30. Qe3 f5 31. Rb6 f4 32. Qa3+ Kd8 33. Qf8+ Kd7
34. Be6# 1-0

[Event "OBBEM Oberbayern 2014"]
[Site "Rosenheim"]
[Date "2014.05.30"]
[Round "3.3"]
[White "Steinheimer, Jürgen"]
[Black "Straub, Jürgen, Dr."]
[Result "1/2-1/2"]
[WhiteElo "2103"]
[BlackElo "2169"]
[Annotator "Frese, Daniel"]
[PlyCount "84"]
[SourceDate "2014.07.22"]

1. e4 c5 2. Nc3 Nc6 3. f4 d6 4. Nf3 g6 5. Bb5 Bd7 6. O-O Bg7 7. Bxc6 Bxc6 8. d3
Nf6 9. Qe1 Qd7 10. Rb1 O-O 11. h3 Ne8 12. Qh4 f5 13. Bd2 b5 14. exf5 gxf5 15.
Rbe1 Rf6 16. Ne2 Rh6 17. Qf2 Nc7 18. b4 cxb4 19. Bxb4 a5 20. Bc3 Bxc3 21. Nxc3
b4 22. Ne2 e6 23. c4 bxc3 24. Nxc3 Rg6 25. Kh2 h6 26. Rg1 Kh7 27. Nd4 Bb7 28.
Rb1 Nd5 29. Qb2 Rg7 30. Nxd5 Bxd5 31. a3 Rag8 32. g3 Qa7 33. Qb6 Rc8 34. g4
fxg4 35. hxg4 Qe7 36. Kh3 Qf6 37. f5 Rc3 38. Rg3 Rb7 39. Qxb7+ Bxb7 40. Rxb7+
Kg8 41. Nxe6 Rxa3 42. Rb8+ Kh7 1/2-1/2

[Event "OBBEM Oberbayern 2014"]
[Site "Rosenheim"]
[Date "2014.05.30"]
[Round "3.4"]
[White "Schlichtmann, Robin"]
[Black "Preßler, Paul"]
[Result "1-0"]
[WhiteElo "2140"]
[BlackElo "1782"]
[Annotator "Frese, Daniel"]
[PlyCount "45"]
[SourceDate "2014.07.22"]

1. e4 g6 2. d4 Bg7 3. f4 d5 4. e5 h5 5. Nf3 Bg4 6. h3 Bxf3 7. Qxf3 h4 8. f5
gxf5 9. Qxf5 e6 10. Qg4 Bh6 11. Nc3 Ne7 12. Bxh6 Rxh6 13. Bd3 Ng6 14. O-O Nd7
15. Nxd5 Ndxe5 16. dxe5 Qxd5 17. Qg5 Qc5+ 18. Rf2 Rh8 19. Bxg6 fxg6 20. Qxg6+
Kd7 21. Rd1+ Kc8 22. Qxe6+ Kb8 23. Qf6 1-0

[Event "OBBEM Oberbayern 2014"]
[Site "Rosenheim"]
[Date "2014.05.30"]
[Round "3.5"]
[White "Prediger, Rupert"]
[Black "Frese, Daniel"]
[Result "1/2-1/2"]
[WhiteElo "2162"]
[BlackElo "2019"]
[Annotator "Frese, Daniel"]
[PlyCount "74"]
[SourceDate "2014.07.22"]

1. e4 e6 2. d4 d5 3. Nc3 Nf6 4. Bg5 Bb4 5. e5 h6 6. Bd2 Bxc3 7. bxc3 Ne4 8. Qg4
g6 9. Bc1 c5 10. Bd3 Qa5 11. Ne2 cxd4 12. O-O dxc3 13. Bxe4 dxe4 14. Qxe4 Nc6
15. Bf4 g5 16. Bg3 Ne7 17. Rfd1 Nd5 18. Rab1 Qc7 19. Rb3 Bd7 20. Qd4 Bc6 21. h4
Qe7 22. Rdb1 a6 23. Nxc3 Nxc3 24. Rxc3 Rd8 25. Qc5 Rd5 26. Qxe7+ Kxe7 27. Rb4
Rd1+ 28. Kh2 Rd2 29. Rbc4 Rhd8 30. a3 R8d4 31. Rxd4 Rxd4 32. hxg5 hxg5 33. Kh3
Kf8 34. f3 Rd2 35. Rc5 Re2 36. Bh2 Bd5 37. Kg3 Bc6 1/2-1/2

[Event "OBBEM Oberbayern 2014"]
[Site "Rosenheim"]
[Date "2014.05.30"]
[Round "3.6"]
[White "Schulz, Michael"]
[Black "Kretschel, Klaus"]
[Result "1-0"]
[WhiteElo "2123"]
[BlackElo "2012"]
[Annotator "Frese, Daniel"]
[PlyCount "80"]
[SourceDate "2014.07.22"]

1. d4 d6 2. e4 Nf6 3. f3 Nbd7 4. c4 e5 5. d5 c5 6. Nc3 Be7 7. Be3 a6 8. Qd2 O-O
9. Bd3 Ne8 10. Nge2 Nc7 11. O-O Bf6 12. Rab1 g6 13. a3 a5 14. g4 Bg7 15. Ng3 f6
16. Kg2 Kf7 17. h4 Rh8 18. h5 Nb6 19. b3 Bd7 20. b4 axb4 21. axb4 Na6 22. bxc5
Nxc5 23. Rb4 Bc8 24. Rfb1 Nbd7 25. Bc2 Ra6 26. Ba4 Bf8 27. Bxd7 Qxd7 28. Qc2
Be7 29. R1b2 Ra1 30. Ra2 Rxa2 31. Qxa2 Nd3 32. Rb6 Nf4+ 33. Kf2 gxh5 34. Bxf4
hxg4 35. Be3 Bd8 36. Rb1 Qe7 37. Nf5 Bxf5 38. exf5 gxf3 39. Qa7 b6 40. Bxb6
Bxb6+ {Rest der Partie nicht nachvollziehbar; nächster notierter Zug 41. Dxe7+
ist illegal.} 1-0